000 00371nam a2200133Ia 4500
008 210430s9999 xx 000 0 und d
020 _a978-81-7319-789-5
082 _a515.35 D722 D
100 _aJ.B. Doshi
_954329
245 _aDifferential Equations for Scientists and Engineers
_cJ.B. Doshi
260 _aIndia
_bNarosa
_c2010
300 _a326 p
942 _cBK
_2ddc
999 _c564886
_d564886